LEADER 01976nam 2200469Ia 450 001 9910702264503321 005 20121031075856.0 035 $a(CKB)5470000002425502 035 $a(OCoLC)815517896 035 $a(EXLCZ)995470000002425502 100 $a20121031d2012 ua 0 101 0 $aeng 135 $aurcn||||||||| 181 $ctxt$2rdacontent 182 $cc$2rdamedia 183 $acr$2rdacarrier 200 10$aMeasure guideline$b[electronic resource] $ebasement insulation basics /$fprepared for Building America, Building Technologies Program, Office of Energy Efficiency and Renewable Energy, U.S. Department of Energy ; prepared by R. Aldrich, P. Mantha, and S. Puttagunta 210 1$a[Washington, D.C.] :$cU.S. Dept. of Energy, Energy Efficiency & Renewable Energy, Building Technologies Program,$d[2012] 215 $a1 online resource (54 unnumbered pages) $ccolor illustrations 300 $aTitle from title screen (viewed on Oct. 29, 2012). 300 $a"October 2012." 300 $a"Prepared under Subcontract no. KNDJ-0-40342-00." 300 $a"DOE/GO-102012-3716"--P. [54]. 320 $aIncludes bibliographical references (page [47-50]). 517 $aMeasure guideline 606 $aDwellings$xInsulation$xEnergy consumption$zUnited States 606 $aBasements$xEnergy conservation$zUnited States 606 $aBasements$xEnergy consumption$zUnited States 615 0$aDwellings$xInsulation$xEnergy consumption 615 0$aBasements$xEnergy conservation 615 0$aBasements$xEnergy consumption 700 $aAldrich$b R$01411257 701 $aMantha$b P$01411258 701 $aPuttagunta$b S$01405148 712 02$aUnited States.$bDepartment of Energy.$bOffice of Energy Efficiency and Renewable Energy. 712 02$aBuilding America (Program : U.S.) 801 0$bGPO 801 1$bGPO 906 $aBOOK 912 $a9910702264503321 996 $aMeasure guideline$93502018 997 $aUNINA LEADER 02931nas 2200577 n 450 001 990008915710403321 005 20240229084334.0 011 $a0005-5581 035 $a000891571 035 $aFED01000891571 035 $a(Aleph)000891571FED01 035 $a000891571 091 $2CNR$aP 00051476 100 $a20161109b19261998km-y0itaa50------ba 101 0 $afre 102 $aFR 110 $aauu-------- 200 1 $aBanque$eRevue du banquier de son personnel et de sa clientèle 207 1$a1926-1998 210 $aParis$cEcole spéciale de préparation aux banques 326 $aMensile 421 0$12001$aBanque stratégie 421 0$1001000891552$12001$aBancatique : L'électronique financière 421 0$12001$aBanque. Financement dans les pays en développement 421 0$1001000891570$12001$aBanque & droit (Paris) 434 0$1001000891552$12001$aBancatique : L'électronique financière 440 0$1001000891572$12001$aBanque magazine 530 0 $aBanque 675 $a332.1 675 $a33 675 $a336 675 $a336.7 676 $a332.1 676 $a332.05 712 02$aAssociation Française des Banques 801 0$aIT$bACNP$c20090723 859 4 $uhttp://acnp.cib.unibo.it/cgi-ser/start/it/cnr/dc-p1.tcl?catno=34974&person=false&language=ITALIANO&libr=&libr_th=unina1$zBiblioteche che possiedono il periodico 901 $aSE 912 $a990008915710403321 958 $aBiblioteca. Dipartimento di Economia Aziendale dell'Università Federico II$b1964-1981;1985-1997;$c1979;1981-1982;1985;1988-1991;1993;$fECA 958 $aBiblioteca della Facoltà di Economia Complesso Universitario Monte S. Angelo- Università degli Studi di Napoli "Federico II"$b1931-1939;1948-1998.$c1931;1936;1939;1976;1980-1983;1985;$eAZ.II-F-1/AZ.I-C-1 Dep.$fDECBC 958 $aBiblioteca Centrale della Facoltà di Giurisprudenza dell'Università di Napoli Federico II$b1988-1991;1993-1998.$c1988;1994;$ePer. fr. 57 (EP)$fFGBC 959 $aECA 959 $aDECBC 959 $aFGBC 996 $aBanque$9799469 997 $aUNINA AP1 8 $6866-01$aNA040 Biblioteca. Dipartimento di Economia Aziendale dell'Università Federico II$ev. Cintia, 80126 Napoli (NA)$m081675089/91/92$m081675091$nit AP1 8 $6866-02$aNA042 Biblioteca della Facoltà di Economia Complesso Universitario Monte S. Angelo- Università degli Studi di Napoli "Federico II"$bAZ.II-F-1/AZ.I-C-1 Dep.$evia Cinthia,26, 80126 Napoli (NA)$m081676647-0816782$m081676684$nit AP1 8 $6866-03$aNA073 Biblioteca Centrale della Facoltà di Giurisprudenza dell'Università di Napoli Federico II$bPer. fr. 57 (EP)$eCorso Umberto I, 80138 Napoli (NA)$m0812537531/33$m0812537532$nit AP2 40$aacnp.cib.unibo.it$nACNP Italian Union Catalogue of Serials$uhttp://acnp.cib.unibo.it/cgi-ser/start/it/cnr/df-p.tcl?catno=34974&language=ITALIANO&libr=&person=&B=1&libr_th=unina&proposto=NO LEADER 01789nam 2200433z- 450 001 9910689528703321 005 20161209102504.0 035 $a(CKB)5860000000018662 035 $a(BIP)008673771 035 $a(EXLCZ)995860000000018662 100 $a20220406c2002uuuu -u- - 101 0 $aeng 200 10$aBuilding on success $ereauthorization of TEA-21 : hearing before the Subcommittee on Highways and Transportation [i.e. Transit] of the Committee on Transportation and Infrastructure, House of Representatives, One Hundred Seventh Congress, second session, February 7, 2002 (administrative perspectives), February 28, 2002 (governors and local officials) 215 $a1 online resource (vi, 209 p.) $cill 311 $a0-16-069408-6 517 $aBuilding on success 606 $aFederal aid to transportation$zUnited States 606 $aRoads$xFinance$xLaw and legislation$zUnited States 606 $aTransportation$xFinance$xLaw and legislation$zUnited States 606 $aTransportation, Automotive$xLaw and legislation$zUnited States 606 $aLocal transit$xLaw and legislation$zUnited States 606 $aHighway law$zUnited States 610 $aFederal aid to transportation 610 $aRoads 610 $aTransportation 610 $aTransportation, automotive 610 $aLocal transit 610 $aHighway law 610 $aLaw 615 0$aFederal aid to transportation 615 0$aRoads$xFinance$xLaw and legislation 615 0$aTransportation$xFinance$xLaw and legislation 615 0$aTransportation, Automotive$xLaw and legislation 615 0$aLocal transit$xLaw and legislation 615 0$aHighway law 906 $aBOOK 912 $a9910689528703321 996 $aBuilding on success$93199952 997 $aUNINA